Ohrozí nás vlny bankrotu?

Príčiny krízy v Argentíne a komentár k hospodárskemu plánu na obnovu krajiny. Obsahové vymedzenie, činnosť, výhody a nevýhody Currency board. Prognózy dopadu na medzinárodné trhy a českú korunu.

Saved in:
Bibliographic Details
Main Author: Pikora, Vladimír
Format: Book Chapter
Language:Czech
Subjects:
Tags: Add Tag
No Tags, Be the first to tag this record!

MARC

LEADER 00000naa a2200000 4500
001 r044321
005 20231004070318.0
041 0 |a cze 
044 |a CZ 
245 1 0 |a Ohrozí nás vlny bankrotu?  |c Vladimír Pikora 
520 |a Príčiny krízy v Argentíne a komentár k hospodárskemu plánu na obnovu krajiny. Obsahové vymedzenie, činnosť, výhody a nevýhody Currency board. Prognózy dopadu na medzinárodné trhy a českú korunu. 
610 2 0 |a kríza hospodárska 
610 2 0 |a Argentína 
610 2 0 |a devalvácia 
610 2 0 |a peso 
610 2 0 |a politika fiškálna 
100 1 |a Pikora, Vladimír